Statistics for My Chemical Romance Songs by Two Letters

Click here to take the quiz!

General Stats

  • This quiz has been taken 1,382 times
    (1,166 since last reset)
  • The average score is 30 of 77

Answer Stats

AlbumSong% Correct
Danger Days: The True Lives of the Fabulous KilljoysThe Kids from Yesterday
85%
The Black ParadeThe End
84%
Three Cheers for Sweet RevengeThe Ghost of You
84%
Three Cheers for Sweet RevengeThe Jetset Life Is Gonna Kill You
84%
The Black ParadeThe Sharpest Lives
84%
Three Cheers for Sweet RevengeThank You for the Venom
83%
MCR5The Foundations of Decay
83%
Conventional WeaponsThe Light behind Your Eyes
83%
Danger Days: The True Lives of the Fabulous KilljoysThe Only Hope for Me Is You
83%
Conventional WeaponsThe World Is Ugly
83%
The Black ParadeThis Is How I Disappear
83%
I Brought You My Bullets, You Brought Me Your LoveThis is the Best Day Ever
83%
The Black ParadeDead!
71%
I Brought You My Bullets, You Brought Me Your LoveDemolition Lovers
71%
Life On the Murder SceneDesert Song
71%
SingleDesolation Row
71%
Danger Days: The True Lives of the Fabulous KilljoysDestroya
71%
I Brought You My Bullets, You Brought Me Your LoveHeadfirst for Halos
65%
The Black Parade: The B-SidesHeaven Help Us
65%
Three Cheers for Sweet RevengeHelena
65%
Danger Days: The True Lives of the Fabulous KilljoysWe Don't Need Another Song about California
58%
The Black ParadeWelcome to the Black Parade
58%
I Brought You My Bullets, You Brought Me Your LoveHoney, This Mirror Isn't Big Enough for the Two of Us
49%
The Black ParadeHouse of Wolves
49%
Danger Days: The True Lives of the Fabulous KilljoysNa Na Na (Na Na Na Na Na Na Na Na Na)
48%
Conventional WeaponsMake Room!!!!
44%
The Black ParadeMama
44%
The Mad Gear and Missile Kid [EP]Mastas of Ravenkroft
44%
Danger Days: The True Lives of the Fabulous KilljoysVampire Money
40%
I Brought You My Bullets, You Brought Me Your LoveVampires Will Never Hurt You
40%
I Brought You My Bullets, You Brought Me Your LoveRomance
37%
The Mad Gear and Missile Kid [EP]Black Dragon Fighting Society
34%
The Black ParadeBlood
34%
Three Cheers for Sweet RevengeI'm Not Okay (I Promise)
32%
The Black ParadeCancer
31%
Danger Days: The True Lives of the Fabulous KilljoysBulletproof Heart
30%
Conventional WeaponsBurn Bright
30%
Life On the Murder SceneBury Me in Black
30%
The Black ParadeTeenagers
30%
Three Cheers for Sweet RevengeYou Know What They Do to Guys Like Us in Prison
30%
SingleFake Your Death
25%
The Black ParadeFamous Last Words
25%
Three Cheers for Sweet RevengeI Never Told You What I Do for a Living
25%
Three Cheers for Sweet RevengeInterlude
25%
I Brought You My Bullets, You Brought Me Your LoveDrowning Lessons
24%
The Black ParadeI Don't Love You
24%
I Brought You My Bullets, You Brought Me Your LoveSkylines and Turnstiles
22%
I Brought You My Bullets, You Brought Me Your LoveCubicles
21%
The Black ParadeDisenchanted
20%
Danger Days: The True Lives of the Fabulous KilljoysSing
20%
The Black ParadeSleep
20%
Conventional WeaponsTomorrow's Money
20%
Three Cheers for Sweet RevengeTo the End
20%
I Brought You My Bullets, You Brought Me Your LoveEarly Sunsets Over Monroeville
19%
Three Cheers for Sweet RevengeGive 'em Hell, Kid
19%
The Black Parade: The B-SidesKill All Your Friends
19%
Conventional WeaponsKiss the Ring
19%
I Brought You My Bullets, You Brought Me Your LoveOur Lady of Sorrows
19%
Three Cheers for Sweet RevengeCemetery Drive
18%
Danger Days: The True Lives of the Fabulous KilljoysParty Poison
17%
Conventional WeaponsBoy Division
16%
Three Cheers for Sweet RevengeHang 'em High
16%
Danger Days: The True Lives of the Fabulous KilljoysLook Alive, Sunshine
16%
Danger Days: The True Lives of the Fabulous KilljoysSummertime
15%
Conventional WeaponsSurrender the Night
15%
Danger Days: The True Lives of the Fabulous KilljoysS/C/A/R/E/C/R/O/W
13%
Conventional WeaponsAmbulance
12%
Three Cheers for Sweet RevengeIt's Not a Fashion Statement, It's a Fucking Deathwish
12%
The Black Parade: The B-SidesMy Way Home Is through You
12%
Danger Days: The True Lives of the Fabulous KilljoysPlanetary (Go!)
12%
Conventional WeaponsGun
11%
The Mad Gear and Missile Kid [EP]F.T.W.W.W.
10%
Danger Days: The True Lives of the Fabulous KilljoysJet-star and the Kobra Kid
9%
Danger Days: The True Lives of the Fabulous KilljoysGoodnite, Dr. Death
8%
Danger Days: The True Lives of the Fabulous KilljoysSave Yourself, I'll Hold Them Back
8%
SingleEvery Snowflake Is Different (Just Like You)
4%
Danger Days: The True Lives of the Fabulous KilljoysZero Percent
2%

Score Distribution

Percentile by Number Answered

Percent of People with Each Score

Your Score History

You have not taken this quiz since the last reset